Ngàn dặm và một bước: Thơ ; Sông Mê Kông bốn mặt: Trường ca

Na minha lista:
Detalhes bibliográficos
Autor principal: Anh Ngọc
Formato: Livro
Idioma:Undetermined
Publicado em: Hà Nội Hội Nhà văn 2015
Assuntos:
Tags: Adicionar Tag
Sem tags, seja o primeiro a adicionar uma tag!
Thư viện lưu trữ: Trung tâm Học liệu Trường Đại học Cần Thơ
LEADER 00641nam a2200193Ia 4500
001 CTU_210262
008 210402s9999 xx 000 0 und d
082 |a 895.922134 
082 |b A107 
100 |a Anh Ngọc 
245 0 |a Ngàn dặm và một bước: Thơ ; Sông Mê Kông bốn mặt: Trường ca 
245 0 |c Anh Ngọc 
260 |a Hà Nội 
260 |b Hội Nhà văn 
260 |c 2015 
650 |a Vietnamese literature,Văn học Việt Nam 
650 |y 20th cemtury,Thế kỷ 20 
904 |i Trần Thu Thảo, Trúc 
980 |a Trung tâm Học liệu Trường Đại học Cần Thơ